000 00405pab a2200157 454500
008 180718b2006 xxu||||| |||| 00| 0 eng d
100 _aSegura, Gary M.
245 _aImmigration and national identity: Symposium introduction:
260 _c2006
300 _ap.277-78.
362 _aJun
650 _aNational identity
650 _aImmigration
773 _aPerspective on Politics
909 _a70950
999 _c70950
_d70950